| 000 | 00722nam a22001937a 4500 | ||
|---|---|---|---|
| 005 | 20100816153525.0 | ||
| 010 | _aENG-100675 | ||
| 020 | _c800.00 | ||
| 035 | _aEN-84208 | ||
| 037 | _bDBAD/PUB | ||
| 082 | _a230.35 | ||
| 245 |
_aYendaro mahaanubhaavulu : _bof some Telugu brahmins / _ccomplied by Madiraju Subba Rao |
||
| 260 |
_aSecunderabad _bNiyogi Bandhu Seva Samithi _c2009 |
||
| 270 |
_a6-1-292, Padmaraongar _bSecunderabad |
||
| 300 |
_avarious paging. _c22cm (Hb) _eb&w photos |
||
| 700 |
_aRao, Madiraju Subba _9924 |
||
| 942 |
_2ddc _cEN _h230.35 _mYEN |
||
| 999 |
_c42206 _d42206 |
||